| 000 | 00000nam##2200000za#4500 |
| 001 | 9.518406 |
| 003 | CaOODSP |
| 005 | 20200325143830 |
| 007 | ta |
| 008 | 150406|1991||||xxc||||| f|0| 0 eng|d |
| 040 | |aCaOODSP|beng |
| 041 | |aeng |
| 041 | |afre |
| 043 | |an-cn--- |
| 086 | 1 |aYX3-1991/7 |
| 110 | 1 |aCanada.|bStatutes. |
| 245 | 10|aCanadian Heritage Languages Institute Act : |b(An Act to establish the Canadian Heritage Languages Institute.) |
| 246 | 1 |iShort title : |aStatutes of Canada |
| 260 | |aOttawa - Ontario : |bStatutes |cAssented to 1st February, 1991. |
| 300 | |a9p. ; |c27 cm. |
| 490 | 1 |aActs of the Parliament of Canada, 1991|v7 |
| 546 | |aBilingual |
| 590 | |a91-11|b1991-03-15 |
| 792 | |tLoi sur l'Institut canadien des langues patrimoniales : |efre|w(CaOODSP)9.518407 |
| 830 | #0|aActs of the Parliament of Canada, 1991 ;|v7|w(CaOODSP)9.509720 |